| 000 | 01272nam a22003497a 4500 | ||
|---|---|---|---|
| 003 | CHAP | ||
| 005 | 20220329134943.0 | ||
| 008 | 971013s1977 r 00010 d | ||
| 010 | _a28596 | ||
| 011 | _a29568 | ||
| 035 | _a33679 | ||
| 040 | _cCHAP | ||
| 090 | _aTesis | ||
| 100 | 0 | 0 |
_aLara y Lara, Pedro Enrique. _964883 |
| 245 | _aDiferentes niveles de melaza y urea en el ensilaje de caña de azúcar (Saccharum officinarum L.) | ||
| 260 |
_aTurrialba, Costa Rica : _bEl autor, _c1977 |
||
| 300 |
_a72 h. _b: gráfs. |
||
| 502 | _aTesis (Maestro en Ciencias) -- Univ. de Costa Rica. Centro Agronómico tropical de Investigación y Enseñanza. Departamento de Ganadería | ||
| 590 |
_aALEPH _b10 _c20130110 _lUCH01 _h1250 |
||
| 590 |
_aBATCH-UPD _b10 _c20130110 _lUCH01 _h0132 |
||
| 590 |
_aBATCH-UPD _b10 _c20130110 _lUCH01 _h1157 |
||
| 590 |
_aBATCH-UPD _b10 _c20130410 _lUCH01 _h0740 |
||
| 590 |
_aBATCH-UPD _b10 _c20130914 _lUCH01 _h0838 |
||
| 590 |
_aCONVERSION _b10 _c20130109 _lUCH01 _h1316 |
||
| 650 | 1 | 4 |
_aCaña de azúcar como forraje. _918673 |
| 650 | 1 | 4 |
_aEnsilaje. _937102 |
| 650 | 1 | 4 |
_aMelaza en alimentación animal. _974315 |
| 650 | 1 | 4 |
_aUrea en alimentación animal. _9116890 |
| 901 | _aBK | ||
| 942 | _cTESIS | ||
| 949 |
_bBC _cTES _d-78328 _eTS1 _i33679 _si |
||
| 999 |
_c28596 _d28596 |
||